Online
Catalog

Venezuela mariana, o sea, Relación compendiada de las imágenes más célebres de la Santísima Virgen en Venezuela / (Record no. 23646)

MARC details
000 -CABECERA
campo de control de longitud fija 00792nam a2200229 a 4500
001 - NÚMERO DE CONTROL
campo de control 000024152
005 - FECHA Y HORA DE LA ÚLTIMA TRANSACCIÓN
campo de control 20200930022748.0
008 - DATOS DE LONGITUD FIJA--INFORMACIÓN GENERAL
campo de control de longitud fija 110119s1976 sp ab r 000 0 spa d
020 ## - NÚMERO INTERNACIONAL ESTÁNDAR DEL LIBRO
Número Internacional Estándar del Libro 8440096380
040 ## - FUENTE DE LA CATALOGACIÓN
Centro catalogador/agencia de origen DO-SdBNP
Lengua de catalogación spa
Centro/agencia transcriptor BNPHU
082 ## - NÚMERO DE LA CLASIFICACIÓN DECIMAL DEWEY
Número de clasificación 232.91
Número de documento/Ítem M332v, 1976
049 ## - FONDOS LOCALES (OCLC)
Fondos de biblioteca BNGR
100 1# - ENTRADA PRINCIPAL--NOMBRE DE PERSONA
Nombre de persona María, Nectario
9 (RLIN) 49590
245 10 - MENCIÓN DE TÍTULO
Título Venezuela mariana, o sea, Relación compendiada de las imágenes más célebres de la Santísima Virgen en Venezuela /
Mención de responsabilidad, etc. Nectario María (F.S.C.).
250 ## - MENCIÓN DE EDICIÓN
Mención de edición 2a ed. aum.
260 ## - PUBLICACIÓN, DISTRIBUCIÓN, ETC.
Lugar de publicación, distribución, etc. Madrid, (España) :
Nombre del editor, distribuidor, etc. Villena,
Fecha de publicación, distribución, etc. 1976.
300 ## - DESCRIPCIÓN FÍSICA
Extensión 448 p. :
Otras características físicas il., retrs., mapas ;
Dimensiones 22 cm.
500 ## - NOTA GENERAL
Nota general Incluye referencias bibliográficas
650 #4 - PUNTO DE ACCESO ADICIONAL DE MATERIA--TÉRMINO DE MATERIA
Término de materia o nombre geográfico como elemento de entrada Virgen maría
9 (RLIN) 5158
650 #4 - PUNTO DE ACCESO ADICIONAL DE MATERIA--TÉRMINO DE MATERIA
Término de materia o nombre geográfico como elemento de entrada Teología dogmática
9 (RLIN) 3542
650 #4 - PUNTO DE ACCESO ADICIONAL DE MATERIA--TÉRMINO DE MATERIA
Término de materia o nombre geográfico como elemento de entrada Virgen maría
Subdivisión general Culto
9 (RLIN) 1905
Holdings
Estado de retiro Estado de pérdida Restricciones de uso No para préstamo Código de colección Localización permanente Ubicación/localización actual Ubicación en estantería Fecha de adquisición Número de inventario Total de préstamos Signatura topográfica completa Código de barras Fecha visto por última vez Precio válido a partir de Tipo de ítem Koha
        Monografías: Libros y Folletos General General En catalogación 19.01.2011 LF1   232.91 M332v, 1976 24152-10 25.06.2020 25.06.2020 Préstamo en sala

Powered by Koha